000 00668nam a2200277Ia 4500
005 20260324134803.0
008 008 260324s9999 xx 000 0 eng d
020 _a9780429177071
037 _aEBOOK
040 _aCRL
040 _beng
040 _cCRL
041 _2eng
041 _aeng
084 _qCRL
100 _aV.E. Lyubchenko
_91198155
245 0 _aScience and Technology of Millimetre Wave Components and Devices
260 _bTaylor and Francis
260 _c2001
365 _a
365 _b320
856 _uhttp://www.taylorfrancis.com/books/9780429177071
942 _cEBOOK
999 _c1798579
_d1798579